000 01209nam a22002897a 4500
003 URS
005 20260415165607.0
008 240203b |||||||| |||| 00| 0 eng d
100 _aGalope, Loraine Joyce R.
_eauthor
245 _aSHAREKO: A Sangguniang Kabataan Federation's Social Networking Site for the Province of Rizal
_cLoraine Joyce R. Galope, Heidi T. Banta, Janwel Jigy B. Castillo, Carol Inah Mae C. Reyes, Yvana Louise A. Verano
260 _c2023
300 _axvi, 201 leaves
_c28cm.
336 _2rdacontent
_atext
337 _2rdamedia
_aunmediated
338 _2rdacarrier
_avolume
500 _aUndergraduate Thesis
502 _bBachelor of Science in Information Technology
_cUniversity of Rizal System, Binangonan
_d2023
504 _aIncludes bibliographical references.
700 _aGalope, Loraine Joyce R.
_eauthor
700 _aBanta, Heidi T.
_eauthor
700 _aCastillo, Janwel Jigy B.
_eauthor
700 _aReyes, Carol Inah Mae C.
_eauthor
700 _aVerano, Yvana Louise A.
_eauthor
700 _aMarthea Andrea O. Daluyon, DIT(CAR)
_eadviser
856 _3Online Request for Student Unpublished Works
_uhttps://forms.gle/7LqvGGkaDrUQqz429
942 _2lcc
_cT
999 _c100291
_d100288